[Event "AUT-ch U14"]
[Site "St Georgen"]
[Date "2007.??.??"]
[Round "4"]
[White "Mrakotsky, Mario"]
[Black "Gerhold, Christoph"]
[Result "0-1"]
[WhiteElo "1648"]
[BlackElo "1689"]
[PlyCount "116"]
[EventDate "2007.05.??"]
[EventType "swiss"]
[EventRounds "7"]
[EventCountry "AUT"]
[SourceTitle "EXT 2008"]
[Source "ChessBase"]
[SourceDate "2007.11.25"]
[SourceVersion "1"]
[SourceVersionDate "2007.11.25"]
[SourceQuality "1"]

1. e4 c5 2. Nf3 Nc6 3. c3 d5 4. exd5 Qxd5 5. d4 Bg4 6. Be2 e6 7. 0-0 Nf6 8. Be3 c4 9. Nbd2 b5 10. b3 Na5 11. b4 Nc6 12. a4 Be7 13. axb5 Qxb5 14. Bxc4 Qb7 15. Qa4 0-0 16. Bb5 Rfc8 17. Ba6 Qc7 18. Bxc8 Qxc8 19. Rac1 Nd5 20. Qb3 Bf6 21. Bg5 Bxg5 22. Nxg5 Qd7 23. Ngf3 Nf4 24. Qd1 Qd5 25. h3 Bh5 26. Nb3 Nxh3+ 27. Kh1 Ng5 28. Nbd2 e5 29. c4 Qd6 30. Qb3 Nxf3 31. Nxf3 Qh6 32. Kg1 e4 33. Ne5 Nxd4 34. Qh3 Ne2+ 35. Kh2 Nxc1 36. Rxc1 Qf4+ 37. g3 Qxe5 38. c5 Bg6 39. Qd7 Bf5 40. Qb7 Qb8 41. Qd5 g6 42. b5 Qd8 43. Qc6 Rc8 44. Qb7 Qc7 45. c6 Qxb7 46. cxb7 Rb8 47. Rc7 Kf8 48. Kg2 Ke8 49. f3 exf3+ 50. Kxf3 Be6 51. Kf4 Kd8 52. b6 axb6 53. Rc2 Rxb7 54. Rh2 h5 55. Kg5 b5 56. Rd2+ Ke7 57. Kf4 b4 58. Rb2 b3 0-1

[Event "AUT-ch U14"]
[Site "St Georgen"]
[Date "2007.??.??"]
[Round "7"]
[White "Mrakotsky, Mario"]
[Black "Liao, Kevin"]
[Result "0-1"]
[WhiteElo "1648"]
[BlackElo "1683"]
[PlyCount "90"]
[EventDate "2007.05.??"]
[EventType "swiss"]
[EventRounds "7"]
[EventCountry "AUT"]
[SourceTitle "EXT 2008"]
[Source "ChessBase"]
[SourceDate "2007.11.25"]
[SourceVersion "1"]
[SourceVersionDate "2007.11.25"]
[SourceQuality "1"]

1. e4 c6 2. d4 d5 3. exd5 cxd5 4. Nf3 Nc6 5. Be2 Bf5 6. 0-0 Nf6 7. a3 e6 8. Bg5 Be7 9. Nbd2 0-0 10. c3 a6 11. Nb3 h6 12. Bh4 Re8 13. Bd3 Ne4 14. Bxe7 Qxe7 15. h3 Qf6 16. Rc1 b5 17. Kh1 Ne7 18. Ne5 Ng6 19. Nxg6 Qxg6 20. Qf3 Nxf2+ 21. Rxf2 Bxd3 22. Nc5 Bc4 23. Re1 b4 24. axb4 a5 25. bxa5 Rxa5 26. Nd7 f6 27. Qe3 Ra7 28. Nc5 Rae7 29. Qf3 e5 30. b3 e4 31. Qe3 Bb5 32. Rf4 f5 33. Kg1 Qf6 34. h4 g5 35. hxg5 hxg5 36. Qg3 Rg7 37. Rf2 Qg6 38. Rc2 f4 39. Qg4 Rh7 40. Ra2 Qh6 41. Kf2 e3+ 42. Kf3 Qf6 43. Rb2 Rh4 44. Nd7 Qg6 45. Ne5 Qe4# 0-1

[Event "AUT-ch U14"]
[Site "Deutschlandsberg"]
[Date "2006.??.??"]
[Round "7"]
[White "Ammann, Stephan"]
[Black "Mrakotsky, Mario"]
[Result "1-0"]
[WhiteElo "1370"]
[BlackElo "1485"]
[PlyCount "45"]
[EventDate "2006.06.??"]
[EventType "swiss"]
[EventRounds "7"]
[EventCountry "AUT"]
[SourceTitle "EXT 2009"]
[Source "ChessBase"]
[SourceDate "2008.11.26"]
[SourceVersion "1"]
[SourceVersionDate "2008.11.26"]
[SourceQuality "1"]

1. e4 c5 2. Nc3 Nc6 3. g3 e6 4. d3 d5 5. Bg2 Nf6 6. h3 Be7 7. exd5 exd5 8. Nf3 0-0 9. 0-0 Be6 10. Re1 Qd7 11. Ne5 Nxe5 12. Rxe5 Bd6 13. Re1 d4 14. Ne4 Nxe4 15. Bxe4 Bxh3 16. Qh5 h6 17. Bxh6 Bg4 18. Qg5 f6 19. Qg6 f5 20. Bd5+ Kh8 21. Bg5 Rae8 22. Kg2 Be5 23. Rh1+ 1-0

[Event "AUT-ch U14"]
[Site "Deutschlandsberg"]
[Date "2006.??.??"]
[Round "3"]
[White "Mrakotsky, Mario"]
[Black "Singer, Gerald"]
[Result "1-0"]
[WhiteElo "1485"]
[BlackElo "1669"]
[PlyCount "74"]
[EventDate "2006.06.??"]
[EventType "swiss"]
[EventRounds "7"]
[EventCountry "AUT"]
[SourceTitle "EXT 2009"]
[Source "ChessBase"]
[SourceDate "2008.11.26"]
[SourceVersion "1"]
[SourceVersionDate "2008.11.26"]
[SourceQuality "1"]

1. e4 c6 2. d4 d5 3. Nc3 dxe4 4. Nxe4 Bf5 5. Ng3 Bg6 6. Nf3 Nd7 7. Be2 Ngf6 8. 0-0 e6 9. Bg5 Be7 10. Qd2 h6 11. Bf4 0-0 12. c3 Nd5 13. Rfe1 Nxf4 14. Qxf4 Nf6 15. Qd2 Nd5 16. Bd3 Bxd3 17. Qxd3 Qb6 18. Qd2 Rfd8 19. Ne4 Nf6 20. Ng3 c5 21. Nf5 Bf8 22. Ng3 cxd4 23. cxd4 Bb4 24. Qe2 Bxe1 25. Rxe1 Rac8 26. Rd1 Nd5 27. Ne5 Qa6 28. Qf3 Nf6 29. h3 Qb6 30. Nh5 Qb4 31. Nxf6+ gxf6 32. Qxf6 Qf8 33. Rd3 Rc7 34. Rg3+ Kh7 35. Rg4 Qh8 36. Qf4 Rg8 37. Rh4 Rg5 1-0

[Event "AUT-ch U14"]
[Site "Deutschlandsberg"]
[Date "2006.??.??"]
[Round "2"]
[White "Schnegg, Daniel"]
[Black "Mrakotsky, Mario"]
[Result "1-0"]
[WhiteElo "1816"]
[BlackElo "1485"]
[PlyCount "73"]
[EventDate "2006.06.??"]
[EventType "swiss"]
[EventRounds "7"]
[EventCountry "AUT"]
[SourceTitle "EXT 2009"]
[Source "ChessBase"]
[SourceDate "2008.11.26"]
[SourceVersion "1"]
[SourceVersionDate "2008.11.26"]
[SourceQuality "1"]

1. e4 c5 2. Nc3 Nc6 3. f4 e6 4. Nf3 d5 5. d3 Nge7 6. g3 g6 7. Bg2 Bg7 8. 0-0 0-0 9. e5 Qb6 10. h3 Bd7 11. Kh2 Nf5 12. b3 f6 13. Na4 Qa5 14. Bd2 Qc7 15. Nxc5 fxe5 16. c3 Rae8 17. Nxd7 Qxd7 18. fxe5 Nxe5 19. d4 Nxf3+ 20. Bxf3 e5 21. dxe5 Bxe5 22. Bf4 Bxc3 23. Rc1 Ba5 24. Qxd5+ Qxd5 25. Bxd5+ Kg7 26. Bxb7 Re2+ 27. Kh1 Rxa2 28. g4 Ne7 29. Bh6+ Kxh6 30. Rxf8 Bd2 31. Rc7 Bb4 32. h4 Nd5 33. g5+ Kh5 34. Rxh7+ Kg4 35. Rf1 Nf4 36. Rg1+ Kh3 37. Bc8+ 1-0